<?xml version="1.0" encoding="UTF-8"?>
<record
    xmlns:xsi="http://www.w3.org/2001/XMLSchema-instance"
    xsi:schemaLocation="http://www.loc.gov/MARC21/slim http://www.loc.gov/standards/marcxml/schema/MARC21slim.xsd"
    xmlns="http://www.loc.gov/MARC21/slim">

  <leader>01635nam a2200397 a 4500</leader>
  <controlfield tag="005">20240516131729.0</controlfield>
  <controlfield tag="008">100311s2005||||sp d   f |||| 001 0 spa d</controlfield>
  <datafield tag="020" ind1=" " ind2=" ">
    <subfield code="a">9871113226</subfield>
  </datafield>
  <datafield tag="041" ind1=" " ind2=" ">
    <subfield code="a">spa</subfield>
  </datafield>
  <datafield tag="092" ind1=" " ind2=" ">
    <subfield code="c">616.89</subfield>
    <subfield code="l">51</subfield>
    <subfield code="s">MAR</subfield>
  </datafield>
  <datafield tag="100" ind1="1" ind2=" ">
    <subfield code="a">Marchant, N&#xE9;stor</subfield>
    <subfield code="e">Coord.</subfield>
    <subfield code="9">1992</subfield>
  </datafield>
  <datafield tag="245" ind1=" " ind2=" ">
    <subfield code="a">Tratado de Psiquiatr&#xED;a.</subfield>
    <subfield code="n">T.2 /</subfield>
    <subfield code="c">N&#xE9;stor Marchant</subfield>
  </datafield>
  <datafield tag="250" ind1=" " ind2=" ">
    <subfield code="a">1a ed.</subfield>
  </datafield>
  <datafield tag="260" ind1=" " ind2=" ">
    <subfield code="a">Buenos Aires: </subfield>
    <subfield code="b">Grupo Gu&#xED;a;</subfield>
    <subfield code="c">2005.</subfield>
  </datafield>
  <datafield tag="300" ind1=" " ind2=" ">
    <subfield code="a">1013-2095 p.</subfield>
  </datafield>
  <datafield tag="500" ind1=" " ind2=" ">
    <subfield code="a">Marchant, N. y Monchalon Espinoza, A. (Coords.). (2005). Tratado de Psiquiatr&#xED;a. T.2 (1a ed.). Buenos Aires : Grupo Gu&#xED;a ; AAP.</subfield>
  </datafield>
  <datafield tag="653" ind1=" " ind2=" ">
    <subfield code="a">Neuropsiquiatr&#xED;a</subfield>
  </datafield>
  <datafield tag="653" ind1=" " ind2=" ">
    <subfield code="a">Gerontopsiquitr&#xED;a</subfield>
  </datafield>
  <datafield tag="653" ind1=" " ind2=" ">
    <subfield code="a">Urgencias en psiquiatr&#xED;a</subfield>
  </datafield>
  <datafield tag="653" ind1=" " ind2=" ">
    <subfield code="a">Psiquiatr&#xED;a en Medicina General</subfield>
  </datafield>
  <datafield tag="653" ind1=" " ind2=" ">
    <subfield code="a">M&#xE9;todos de diagn&#xF3;stico en psiquiatr&#xED;a</subfield>
  </datafield>
  <datafield tag="653" ind1=" " ind2=" ">
    <subfield code="a">Terap&#xE9;utica</subfield>
  </datafield>
  <datafield tag="653" ind1=" " ind2=" ">
    <subfield code="a">Psicoterapias</subfield>
  </datafield>
  <datafield tag="653" ind1=" " ind2=" ">
    <subfield code="a">Rehabilitaci&#xF3;n</subfield>
  </datafield>
  <datafield tag="653" ind1=" " ind2=" ">
    <subfield code="a">Psiquiatr&#xED;a basada en la evidencia</subfield>
  </datafield>
  <datafield tag="653" ind1=" " ind2=" ">
    <subfield code="a">Etica y psiquiatr&#xED;a M&#xE9;dico-Legal</subfield>
  </datafield>
  <datafield tag="653" ind1=" " ind2=" ">
    <subfield code="a">Organizaci&#xF3;n y gesti&#xF3;n en psiquiatr&#xED;a</subfield>
  </datafield>
  <datafield tag="653" ind1=" " ind2=" ">
    <subfield code="a">Capacitaci&#xF3;n en psiquiatr&#xED;a</subfield>
  </datafield>
  <datafield tag="653" ind1=" " ind2=" ">
    <subfield code="a">Anexo 1: La enfermedad ps&#xED;quica de Vincent Van Gogh. </subfield>
  </datafield>
  <datafield tag="653" ind1=" " ind2=" ">
    <subfield code="a">Anexo 2: Hcia una clasificaci&#xF3;n de las enfermedades mentales (criterio cl&#xED;nico y pericial)</subfield>
  </datafield>
  <datafield tag="653" ind1=" " ind2=" ">
    <subfield code="a">Anexo 3: Corteza orbitaria anterior y comportamiento antisocial</subfield>
  </datafield>
  <datafield tag="653" ind1=" " ind2=" ">
    <subfield code="a">Anexo 4: Corteza orbitotemporal (corteza basal) y comportamiento antisocial</subfield>
  </datafield>
  <datafield tag="653" ind1=" " ind2=" ">
    <subfield code="a">Anexo 5: Los medios masivos y su relaci&#xF3;n con la cultura posmoderna o el modernismo decaido</subfield>
  </datafield>
  <datafield tag="700" ind1="1" ind2=" ">
    <subfield code="a">Monchalon Espinoza, Alberto</subfield>
    <subfield code="e">Coord.</subfield>
    <subfield code="9">1993</subfield>
  </datafield>
  <datafield tag="942" ind1=" " ind2=" ">
    <subfield code="2">ddc</subfield>
    <subfield code="c">BK</subfield>
  </datafield>
  <datafield tag="999" ind1=" " ind2=" ">
    <subfield code="c">1276</subfield>
    <subfield code="d">1276</subfield>
  </datafield>
  <datafield tag="952" ind1=" " ind2=" ">
    <subfield code="0">0</subfield>
    <subfield code="1">0</subfield>
    <subfield code="2">ddc</subfield>
    <subfield code="4">0</subfield>
    <subfield code="7">0</subfield>
    <subfield code="8">REF</subfield>
    <subfield code="a">BFM</subfield>
    <subfield code="b">BFM</subfield>
    <subfield code="c">REF</subfield>
    <subfield code="d">2013-03-19</subfield>
    <subfield code="e">PROMED</subfield>
    <subfield code="g">308.00</subfield>
    <subfield code="l">0</subfield>
    <subfield code="o">616.89 51 MAR</subfield>
    <subfield code="p">2818</subfield>
    <subfield code="r">2014-11-06</subfield>
    <subfield code="t">ej.1</subfield>
    <subfield code="w">2013-03-19</subfield>
    <subfield code="y">REF</subfield>
    <subfield code="z">LIBRO DE CONSULTA. COMPRA PROYECTO PROMED 2DA ETAPA, MARZO 2013</subfield>
  </datafield>
</record>
